Comparison between manual and semi-mechanical harvest of coffee fruit in mountainous areas

En esta investigacin̤ se evalu ̤la cosecha manual y semimecǹica de granos de caf ̌en una regin̤ montaǫsa del noroccidente del estado de Ro̕ de Janeiro (Brasil). El experimento se condujo en el aǫ 2012 en un cultivo de caf ̌arb̀ica cv. Catuca ̕Vermelho 785/15 con las siguientes caracters̕ticas: es...

Description complète

Enregistré dans:
Détails bibliographiques
Autres auteurs: Filho Gilberto Rosa de Sousa, Vieira Henrique Duarte, Rodrigues Weverton Pereira, Partelli Fb̀io Luiz, Academic Journals
Format: Livre
Langue:anglais
Sujets:
Accès en ligne:Comparison between manual and semi-mechanical harvest of coffee fruit in mountainous areas
Tags: Ajouter un tag
Pas de tags, Soyez le premier à ajouter un tag!

MARC

LEADER 00000nam a22000004a 4500
001 vpro11350
005 20201223000000.0
008 170306s2017 ck # g## #001 0#eng#d
020
022 |a 1991-637X 
040 |a CO-BoINGC 
041 0 |a eng 
245 1 0 |a Comparison between manual and semi-mechanical harvest of coffee fruit in mountainous areas 
246 |a Comparacin̤ entre cosecha manual y semimecǹica de granos de caf ̌en r̀eas montaǫsas 
264 |a Bogot ̀(Colombia) :  |b Revista VirtualPRO,  |c 2017 
520 3 |a En esta investigacin̤ se evalu ̤la cosecha manual y semimecǹica de granos de caf ̌en una regin̤ montaǫsa del noroccidente del estado de Ro̕ de Janeiro (Brasil). El experimento se condujo en el aǫ 2012 en un cultivo de caf ̌arb̀ica cv. Catuca ̕Vermelho 785/15 con las siguientes caracters̕ticas: espaciado de 0.5 <U+00D7> 2.2 m; tres aǫs de edad; sin irrigacin̤; altura y rendimiento promedio de 1,75 m y 72 sacos por hectr̀ea, respectivamente. 
650 \ \ |a Agroindustria 
650 \ \ |a Industria del caf̌ 
650 \ \ |a Agro-industry 
650 \ \ |a Coffee industry 
650 \ \ |a Caf̌ 
650 \ \ |a Cosecha de caf̌ 
650 \ \ |a Cosecha manual 
650 \ \ |a Cosecha semimecǹica 
650 \ \ |a Costos operativos 
650 \ \ |a Brasil 
650 \ \ |a Coffee 
650 \ \ |a Coffee harvest 
650 \ \ |a Manual harvest 
650 \ \ |a Semi-mechanical harvest 
650 \ \ |a Operating costs 
650 \ \ |a Brazil  
700 \ \ |a Filho Gilberto Rosa de Sousa 
700 \ \ |a Vieira Henrique Duarte 
700 \ \ |a Rodrigues Weverton Pereira 
700 \ \ |a Partelli Fb̀io Luiz  
700 \ \ |a Academic Journals 
856 |z Comparison between manual and semi-mechanical harvest of coffee fruit in mountainous areas  |u https://virtualpro.unach.elogim.com/biblioteca/comparacion-entre-cosecha-manual-y-semimecanica-de-granos-de-cafe-en-areas-montanosas